Footballers That Have NEVER Won the Ballon d’Or Trophy - Statistics

General Stats
  • This quiz has been taken 117 times
  • The average score is 10 of 12
Answers on the Grid
Answers color-coded by a green-red scale on the quiz's grid according to % correct below.
Andriy Shevchenko
Bukayo Saka
Cristiano Ronaldo
Erling Haaland
Harry Kane
Jude Bellingham
Kaká
Karim Benzema
Kylian Mbappe
Lamine Yamal
Lautaro Martinez
Lionel Messi
Luís Figo
Luka Modrić
Michael Owen
Mohamed Salah
Nico Williams
Raphinha
Robert Lewandowski
Rodri
Ronaldinho
Ronaldo
Zinédine Zidane
Zlatan Ibrahimovic
 
Answer Stats
Answer % Correct
Bukayo Saka
98%
Lamine Yamal
93%
Jude Bellingham
92%
Erling Haaland
91%
Harry Kane
91%
Kylian Mbappe
88%
Lautaro Martinez
88%
Mohamed Salah
84%
Nico Williams
81%
Raphinha
79%
Robert Lewandowski
76%
Zlatan Ibrahimovic
74%
No matching quizzes found
Score Distribution
Percent of People with Each Score
Percentile by Number Answered
Your Score History
You have not taken this quiz